A history of Arab peoples

Αποθηκεύτηκε σε:
Λεπτομέρειες βιβλιογραφικής εγγραφής
Κύριος συγγραφέας: Hourani, Albert, 1915-1993
Μορφή: Βιβλίο
Γλώσσα:English
Δημοσίευση: London : Faber and Faber, 1991.
Θέματα:
Ετικέτες: Προσθήκη ετικέτας
Δεν υπάρχουν, Καταχωρήστε ετικέτα πρώτοι!

MARC

LEADER 00000cam a2200000 i 4500
001 1/450
008 950703s1991 enk| ||| |||| ||eng||
020 |a 0571133789  
035 |l 10014084 
040 |a GR-MyUa  |b gre  |e AACR2 
041 0 |a eng 
082 7 |a 909.0974927   |2 (22) 
100 1 |a Hourani, Albert,   |d 1915-1993. 
245 1 2 |a A history of Arab peoples /   |c Albert Hourani.  
260 |a London :   |b Faber and Faber,   |c 1991.  
300 |a 551 σ. ;   |c 24 εκ.  
651 0 |a Arab countries  |x History. 
767 0 8 |i Μεταφρασμένο ως:   |t Η ιστορία του Αραβικού κόσμου /  
767 0 8 |i Μεταφρασμένο ως:   |t Ιστορία των αραβικών λαών /  
852 |a INST  |b LESVOS  |e 19950703  |h 909.0974927 HOU  |p 005100008163  |q 005100008163  |t BK  |y 0